Effects of dyslexia on the cognitive skills, behavioral skills, sensory and motor skills of a dyslexic from the perspective of occupational therapists and special education teachers / (Record no. 96542)
[ view plain ]
| 000 -LEADER | |
|---|---|
| fixed length control field | 00848nam a2200193 a 4500 |
| 003 - CONTROL NUMBER IDENTIFIER | |
| control field | 0 |
| 005 - DATE AND TIME OF LATEST TRANSACTION | |
| control field | 20250603142138.0 |
| 008 - FIXED-LENGTH DATA ELEMENTS--GENERAL INFORMATION | |
| fixed length control field | 021203s19uu xx 00 eng d |
| 050 ## - LIBRARY OF CONGRESS CALL NUMBER | |
| Classification number | PHS LC 4708 |
| Item number | .Ag33 2001 |
| 100 ## - MAIN ENTRY--PERSONAL NAME | |
| Personal name | Agarrado, Rachel Elaine Marie Gaerlan. |
| 245 ## - TITLE STATEMENT | |
| Title | Effects of dyslexia on the cognitive skills, behavioral skills, sensory and motor skills of a dyslexic from the perspective of occupational therapists and special education teachers / |
| Statement of responsibility, etc | Rachel Elaine Marie Gaerlan Agarrado. |
| 260 ## - PUBLICATION, DISTRIBUTION, ETC. (IMPRINT) | |
| Place of publication, distribution, etc | Las Piñas City, Philippines : |
| Name of publisher, distributor, etc | Southville International School and Colleges, |
| Date of publication, distribution, etc | 2001. |
| 300 ## - PHYSICAL DESCRIPTION | |
| Extent | 38 pages : |
| Other physical details | illustrations ; |
| Dimensions | 28 cm. |
| 504 ## - BIBLIOGRAPHY, ETC. NOTE | |
| Bibliography, etc | Includes bibliographical references. |
| 650 ## - SUBJECT ADDED ENTRY--TOPICAL TERM | |
| Topical term or geographic name as entry element | Dyslexia. |
| 650 ## - SUBJECT ADDED ENTRY--TOPICAL TERM | |
| Topical term or geographic name as entry element | Learning disabilities |
| General subdivision | Treatment. |
| 650 ## - SUBJECT ADDED ENTRY--TOPICAL TERM | |
| Topical term or geographic name as entry element | Special education teachers |
| General subdivision | Attitudes. |
| 942 ## - ADDED ENTRY ELEMENTS (KOHA) | |
| Source of classification or shelving scheme | Library of Congress Classification |
| Koha item type | PASS |
| Withdrawn status | Lost status | Source of classification or shelving scheme | Damaged status | Home library | Current library | Shelving location | Date acquired | Source of acquisition | Total Checkouts | Full call number | Barcode | Date last seen | Price effective from | Koha item type |
|---|---|---|---|---|---|---|---|---|---|---|---|---|---|---|
| Library of Congress Classification | Luxembourg Library | Luxembourg Library | Portfolio Assessment of SISC Students Section | 06/03/2003 | Donation | PHS LC 4708 .Ag33 2001 | P0517 | 04/08/2014 | 04/08/2014 | PASS |